NBA 1998 Playoffs Starters - Statistics

General Stats
  • This quiz has been taken 640 times
    612 since last reset
  • The average score is 41 of 80
Answer Stats
Team Player % Correct
Bulls Michael Jordan
100%
Bulls Scottie Pippen
100%
Jazz John Stockton
95%
Jazz Karl Malone
94%
Suns Clifford Robinson
93%
Spurs David Robinson
93%
Pacers Reggie Miller
92%
Lakers Shaquille O'Neal
92%
Rockets Hakeem Olajuwon
91%
SuperSonics Gary Payton
90%
Knicks Patrick Ewing
89%
Heat Alonzo Mourning
88%
Cavaliers Shawn Kemp
88%
Spurs Tim Duncan
88%
Timberwolves Kevin Garnett
87%
Spurs Avery Johnson
86%
Rockets Clyde Drexler
86%
Knicks Larry Johnson
86%
Suns Jason Kidd
83%
Bulls Ron Harper
82%
Bulls Toni Kukoč
81%
Bulls Luc Longley
80%
Hawks Steve Smith
80%
Heat Tim Hardaway
77%
Spurs Jaren Jackson
74%
Pacers Mark Jackson
74%
Hawks Dikembe Mutombo
71%
Lakers Eddie Jones
70%
Hornets Glen Rice
66%
Nets Keith Van Horn
65%
Jazz Jeff Hornacek
63%
Pacers Rik Smits
63%
Lakers Derek Fisher
60%
Lakers Robert Horry
59%
Nets Jayson Williams
58%
SuperSonics Detlef Schrempf
56%
Pacers Dale Davis
55%
Trail Blazers Damon Stoudamire
54%
Trail Blazers Rasheed Wallace
54%
Jazz Bryon Russell
53%
Knicks Charles Oakley
53%
Knicks Allan Houston
52%
Trail Blazers Arvydas Sabonis
52%
Trail Blazers Brian Grant
50%
Lakers Rick Fox
46%
Heat P.J. Brown
45%
Timberwolves Stephon Marbury
44%
Hawks Mookie Blaylock
39%
Hornets Vlade Divac
38%
Pacers Chris Mullin
37%
Heat Jamal Mashburn
34%
Hornets Anthony Mason
31%
SuperSonics Hersey Hawkins
31%
Cavaliers Zydrunas Ilgauskas
31%
Nets Kerry Kittles
30%
Timberwolves Terry Porter
30%
SuperSonics Vin Baker
28%
Knicks Charlie Ward
26%
Rockets Kevin Willis
25%
Jazz Greg Foster
21%
Trail Blazers Isaiah Rider
21%
Nets Kendall Gill
21%
Hornets David Wesley
20%
Suns Rex Chapman
17%
Heat Voshon Lenard
16%
Hornets Bobby Phills
13%
Timberwolves Sam Mitchell
13%
Cavaliers Wesley Person
13%
Hawks Alan Henderson
12%
Cavaliers Cedric Henderson
12%
SuperSonics Jerome Kersey
12%
Cavaliers Brevin Knight
11%
Suns Antonio McDyess
10%
Rockets Matt Maloney
10%
Nets Sherman Douglas
10%
Timberwolves Anthony Peeler
9%
Hawks Tyrone Corbin
9%
Spurs Will Perdue
9%
Rockets Matt Bullard
5%
Suns George McCloud
3%
No matching quizzes found
Score Distribution
Percent of People with Each Score
Percentile by Number Answered
Your Score History
You have not taken this quiz since the last reset